Quiz o Ostrołęce - Statystyki

Ogólne statystyki
  • Ten quiz został rozwiązany 41 razy
  • Średni wynik to 4 z 6
Statystyki odpowiedzi
Hint Odpowiedź % Poprawnych
Województwo, gdzie leży Ostrołęka Mazowieckie
100%
Tablice rejestracyjne WO
94%
Prezydent Paweł Niewiadomski
79%
Ludność (w tysiącach) 48
47%
Prawa miejskie 1373
24%
Powierzchnia 33,46
9%
Nie znaleziono quizów pasujących do podanych kryteriów
Rozkład punktacji
Procent ludzi z każdym wynikiem
Percentyl według liczby udzielonych odpowiedzi
Twoja historia wyników
Nie rozwiązałeś tego quizu